Marketing Research

Gespeichert in:
Bibliographische Detailangaben
1. Verfasser: Weiers, Ronald M.
Format: Buch
Sprache:Englisch
Veröffentlicht: Englewood Cliffs Prentice-Hall 1988
Ausgabe:1. ed.
Tags: Tag hinzufügen
Keine Tags, Fügen Sie das erste Tag hinzu!

MARC

LEADER 00000nam a2200000 4500
001 c028369
005 20221219120221.5
041 0 |a eng 
044 |a US 
245 1 0 |a Marketing Research  |c Ronald M. Weiers 
250 |a 1. ed. 
264 1 |a Englewood Cliffs  |b Prentice-Hall  |c 1988 
300 |a 636 s. 
100 1 |a Weiers, Ronald M.